000 00540nam a2200205Ia 4500
003 OSt
005 20230524183122.0
008 210423s1983 xx 000 0 und d
040 _cAL
041 _aeng
082 _a338.9
_223
_bFONF
100 _aFONSICA (A J)
_9113185
245 _aFood aid for relief and development
260 _bIndian Social Institute
_c1983
365 _cINR
650 _aEconomics
_9113186
650 _aEconomics of Development
_9113187
906 _aaid ; development ; Food ; relief
942 _2ddc
_cBK
999 _c173021
_d173021